[Event "RUS-Cup06"]
[Site "Nizhnij Novgorod"]
[Date "1998.07.07"]
[Round "9"]
[White "Volkov, Sergey"]
[Black "Filippov, Valerij"]
[Result "0-1"]
[WhiteElo "2545"]
[BlackElo "2595"]
[Annotator "Tisdall,J"]
[PlyCount "60"]
[EventDate "1998.06.29"]
[EventType "swiss"]
[EventRounds "9"]
[EventCountry "RUS"]
[SourceTitle "EXT 2000"]
[Source "ChessBase"]
[SourceDate "1999.11.16"]
[SourceVersion "1"]
[SourceVersionDate "1999.11.16"]
[SourceQuality "1"]

1. d4 Nf6 2. c4 e6 3. Nc3 Bb4 4. f3 O-O 5. e4 d5 6. e5 Nfd7 7. cxd5 (7. a3
Bxc3+ 8. bxc3 dxc4 9. f4 (9. Nh3 c5 10. Ng5 cxd4 11. cxd4 Qa5+ 12. Kf2 Rd8 13.
Qc2 Nf8 14. Be3 b5 15. Qe4 Bd7 16. Qf4 Be8 17. Ne4 Nc6 18. h4 Ng6 19. Qg4 Nge7
20. h5 Nf5 21. h6 g6 22. Qg5 Nxe3 23. Kxe3 Qb6 24. Nf6+ Kh8 25. Ne4 Qxd4+ 26.
Kf4 Kg8 27. Qf6 Kf8 28. Be2 Rd5 29. Qg7+ Ke7 30. Qf6+ Kf8 31. Qg7+ Ke7 32. Qf6+
Kf8 {1/2-1/2 Sakaev,K-Timoshenko,G/Kherson 1991/EXP 21 (32)}) 9... Nb6 10. a4
a5 11. Nf3 Bd7 12. Ba3 Re8 13. Bc5 Nxa4 14. Rxa4 b6 15. Rxc4 bxc5 16. Bd3 h6 {
1/2-1/2 Lauber,A-Lopushnoy,D/Budapest 1997/EXT 97 (16)}) 7... exd5 8. f4 $5 {
An ambitious move, an apparently a novelty.} (8. a3 Bxc3+ 9. bxc3 f6 10. exf6 (
10. f4 fxe5 11. dxe5 Nxe5 12. Be2 Ng6 13. g3 c6 14. Nf3 Qb6 15. Qd4 Re8 16. Kf2
Nd7 17. Be3 Qc7 18. f5 Nf6 19. fxg6 Ng4+ 20. Kg1 Rxe3 21. gxh7+ Kh8 22. Ra2 Bf5
23. Nh4 Be4 24. Ng2 Bxg2 25. Kxg2 Re4 26. Qd3 Ne3+ 27. Kf2 Rf8+ 28. Ke1 Qe5 29.
Rb2 b5 30. Rg1 Qf5 {0-1 Naumann,A-Timoshenko,G/Berlin 1997/EXP 59 (30)}) 10...
Qxf6 (10... Nxf6 11. Bd3 Nh5 12. Ne2 Qh4+ 13. g3 Qh3 14. Kf2 Nc6 15. Qb3 Ne7
16. Bg5 Nxg3 17. hxg3 Rxf3+ 18. Kxf3 Qg4+ 19. Kg2 Bf5 20. Bxe7 Bxd3 21. Qxd5+
Kh8 22. Nf4 {1-0 Karner,C-Nabil,A/Zagan 1997/EXP 59 (22)}) 11. Nh3 c5 12. Bg5
Qd6 13. Bd3 cxd4 14. cxd4 Nb6 15. Nf2 Nc6 16. O-O Bf5 17. Bb5 Rac8 18. Qd2 a6
19. Bf4 Qf6 20. Bxc6 Rxc6 21. Be5 Nc4 22. Qe2 Qe7 23. f4 Rb6 24. Qf3 Qf7 25.
Rfe1 h5 26. g3 a5 27. a4 Rb4 28. Re2 Bd7 29. Rae1 Bxa4 30. Nh3 Rb3 31. Qg2 Bc6
32. f5 Qxf5 33. Nf4 a4 34. Bxg7 Kxg7 35. Ne6+ Kg8 36. Nxf8 Qxf8 37. Rf2 Qg7 38.
Rf4 Nd6 39. Qh3 Ne4 40. Qe6+ Kh8 41. Ref1 Bd7 42. Qxd5 Rxg3+ 43. hxg3 Qxg3+ 44.
Kh1 Qh3+ 45. Kg1 Qg3+ 46. Kh1 Qh3+ 47. Kg1 Qg3+ 48. Kh1 {1/2-1/2 Marin,
M-Maksimenko,A/Caciulata 1992/EXT 97 (48)}) 8... c5 9. a3 Ba5 10. Nf3 (10. dxc5
Bxc3+ 11. bxc3 Nxc5 $32) 10... Nc6 11. Be3 cxd4 12. Nxd4 Re8 13. Be2 f6 14.
Ndb5 (14. e6 $5 Nxd4 15. exd7 Rxe3 16. Qxd4 Rxc3 $1 (16... Qxd7 17. Qxe3 d4 18.
Qf3 dxc3 19. bxc3 Bb6 (19... Qc7 20. O-O $16) 20. Qe4 $16) (16... Bxc3+ 17.
bxc3 Rxe2+ 18. Kxe2 Qxd7 19. Rhe1 $16) 17. bxc3 Qxd7 $132) 14... d4 $1 15. Bxd4
$2 {An incredibly ambitious continuation. White bets the house that a knight
excursion to f7 will be worth having no development.} (15. Nxd4 fxe5 (15...
Nxd4 16. Bxd4 fxe5 17. fxe5 Nxe5 18. O-O Bb6 $11) 16. Nxc6 bxc6 $11) 15... fxe5
16. Qb3+ Kh8 17. Nd6 Rf8 18. Bf2 Nd4 $1 {The most energetic - now white must
pay for his crimes.} 19. Nf7+ Rxf7 20. Qxf7 Nc2+ 21. Kd2 Nxa1 22. Rxa1 Nc5+ 23.
Ke1 Be6 24. Qh5 Nd3+ 25. Bxd3 Qxd3 26. Rd1 (26. Qxe5 Bc4 27. Bd4 Qf1+ 28. Kd2
Qxg2+ $17) 26... Qe4+ 27. Kf1 Qxf4 28. Ne2 Qa4 $1 $19 29. Rd6 (29. Rc1 Bd2 30.
Ra1 Bg4 31. Qf7 (31. Qh4 Qc4) 31... Qa6) 29... Qc2 30. Qg5 (30. Ng3 Rf8) 30...
Bc4 (30... Bc4 31. Qe3 Qb1+) 0-1

[Event "Sigeman & Co 06th"]
[Site "Malmo"]
[Date "1998.06.15"]
[Round "7"]
[White "Miladinovic, Igor"]
[Black "Brynell, Stellan"]
[Result "1-0"]
[WhiteElo "2565"]
[BlackElo "2475"]
[Annotator "Tisdall,J"]
[PlyCount "55"]
[EventDate "1998.06.09"]
[EventType "tourn"]
[EventRounds "9"]
[EventCountry "SWE"]
[EventCategory "13"]
[SourceTitle "CBM 066"]
[Source "ChessBase"]
[SourceDate "1998.09.30"]
[SourceVersion "1"]
[SourceVersionDate "1998.09.30"]
[SourceQuality "1"]

1. d4 e6 2. c4 Nf6 3. Nc3 Bb4 4. g3 c5 5. Nf3 cxd4 6. Nxd4 Ne4 7. Qd3 Qa5 8.
Nb3 Qf5 9. Qe3 Nc6 10. Bg2 Nxc3 11. bxc3 Be7 12. O-O O-O 13. Rd1 b6 {This
creates problems for black - the queen loses the use of the e5 square. Black
must nowsolve some very difficult problems.} (13... Rd8 14. Qf4 Qc2 15. Rd2
Qxc3 16. Bb2 Qb4 17. Rd3 d6 18. Rad1 e5 19. Qc1 Be6 20. Bd5 Rac8 21. Ba3 Qa4
22. Bxe6 fxe6 23. Bxd6 Bxd6 24. Rxd6 Qxa2 25. Qe3 Nd4 26. Qxe5 Rxd6 27. Qxd6
Nxe2+ 28. Kg2 Rf8 29. Qxe6+ Kh8 30. Qf7 Rg8 31. Rd3 Qb1 32. Re3 h6 33. Rxe2
Qxb3 34. Re7 a5 35. Rxb7 Qc3 36. Re7 Qb4 37. Rb7 Qf8 38. Qd5 a4 39. Ra7 Qb4 40.
c5 a3 41. c6 Rf8 42. f4 Qb6 43. Rb7 Qa6 44. c7 Qe2+ 45. Kh3 h5 46. Qg5 Qe6+ 47.
Kh4 a2 48. c8=Q {1-0 Ricardi,P-Amura,C/San Luis 1995/EXT 95 (48)}) 14. h3 $5 (
14. Nd4 $5) 14... Rd8 15. g4 Qg6 16. Qg3 Ba6 17. Bf4 Bxc4 18. Bc7 Re8 (18...
Bxe2 19. Bxd8 Rxd8 20. Rd2 (20. Bxc6 Bxd1 21. Rxd1 dxc6 22. Rxd8+ Bxd8 23. Qb8
Qf6 24. Nd4 Kf8 25. Nxc6 Ke8 26. Qc8 $5) 20... Bb5 21. a4 Bc4 (21... Bxa4 22.
Rxa4 Qb1+ 23. Kh2 Qxb3 24. Bxc6 dxc6 25. Rxd8+ Bxd8 26. Qb8 $18) 22. Bxc6 Bxb3
23. Rxd7 Rxd7 24. Bxd7 Qe4 $132) 19. Rxd7 e5 20. Bxe5 Rac8 $2 {A strange error
- after the natural} (20... Nxe5 21. Qxe5 Bf6 $44 {black appears to have
tremendous compensation for a pawn.}) 21. Bf4 Bxe2 22. Re1 Bf8 (22... Bb5 23.
Bxc6 Bxc6 24. Rdxe7 Rxe7 25. Rxe7 Qb1+ 26. Nc1) 23. Bd5 Ne7 24. Bb7 $1 $18 (24.
Rxe2 Nxd5 25. Rxe8 Rxe8 (25... Nxf4 26. Rxf8+) 26. Rxd5 Re1+ 27. Kh2 (27. Kg2
Qe4+ 28. Qf3 Rg1+) 27... Qe4 $17) 24... Bb5 25. Rdxe7 Rxe7 26. Rxe7 Bxe7 27.
Bxc8 Bc6 28. Bf5 1-0

[Event "FRA-ch"]
[Site "Meribel"]
[Date "1998.08.15"]
[Round "2"]
[White "Chabanon, Jean Luc"]
[Black "Dorfman, Josif D"]
[Result "1/2-1/2"]
[WhiteElo "2490"]
[BlackElo "2585"]
[Annotator "Tisdall,J"]
[PlyCount "115"]
[EventDate "1998.08.14"]
[EventType "tourn"]
[EventRounds "15"]
[EventCountry "FRA"]
[EventCategory "10"]
[SourceTitle "CBM 067"]
[Source "ChessBase"]
[SourceDate "1998.11.30"]
[SourceVersion "2"]
[SourceVersionDate "1998.11.01"]
[SourceQuality "1"]

{[%mdl 1032]} 1. d4 Nf6 2. c4 e6 3. Nc3 Bb4 4. Nf3 c5 5. g3 cxd4 6. Nxd4 O-O 7.
Bg2 d5 8. cxd5 Nxd5 9. Qb3 Qa5 10. Bd2 Nc6 (10... Na6 11. O-O Nc5 (11... Nxc3
12. Bxc3 Bxc3 13. Qxc3 Qxc3 14. bxc3 Nc5 15. Nb3 Na4 16. c4 Rb8 17. c5 e5 18.
Rfc1 Be6 19. Na5 $16 {Zvjaginsev,V-Podgaets,M/Moscow/1992/1:0/59/}) 12. Qc2 $14
{Beliavsky.}) 11. Nxc6 (11. e3 Qa6 12. Nxc6 bxc6 13. Bxd5 $1 Bxc3 14. Bc4 Bxd2+
15. Kxd2 Qa5+ 16. Ke2 Qh5+ 17. f3 e5 18. e4 $10 {Zvjaginsev,V-Lujbojevic,L/
Pamplona/1995/0,5/37/}) 11... bxc6 12. O-O Bxc3 13. bxc3 (13. Bxc3 Nxc3 14.
bxc3 Ba6 15. Qb4 $1 $14 Qe5 (15... Qc7 $2 16. c4 Rad8 17. Qa4 Bc8 18. Bxc6 Rd6
19. Bf3 Bd7 20. Qa3 Bc6 21. c5 $18 {Rogozenko-Reeh/Hamburg/96.}) 16. Rfe1 Rab8
17. Qa3 Qb5 $2 {Rogozenko-Blauert/Deutschland/96.} (17... Rb6 18. Rad1 $14) 18.
Be4 $1 $16) 13... Ba6 14. Rfd1 Bxe2 $5 $146 (14... Rab8 15. c4 Qc5 16. cxd5
Rxb3 17. axb3 Bxe2 18. Re1 (18. Rdc1 Qd6 19. Be3 cxd5 20. Bc5 Qb8 21. Bxf8 Kxf8
22. Rc2 Bb5 23. Rca2 a6 $17 {Nielsen,PH-Emms,J/Copengagen BSF/1995/0:1/50/})
18... cxd5 $2 (18... Bb5 19. dxc6 $16) 19. Rxe2 Qb6 20. b4 $18 {
NielsenPH-Savon/Pardubice/95.}) (14... Qc5 15. e4 Bc4 16. Qa4 Nb6 17. Qb4 Qxb4
18. cxb4 Rad8 $6 (18... Rfd8 19. Be3 Bb5 20. Rxd8+ $6 (20. f4 $5) (20. Bc5 $14)
20... Rxd8 21. Bxb6 axb6 22. a4 Ra8 23. a5 $10 {Fish-Shipov/Yalta/96.}) 19. Be3
$16 {1-0 Volzhin,A-Epishin,V/Elista 1996/CBM 56/[Rogozenko] (54)}) 15. c4 Bxd1
16. Rxd1 Qb6 17. cxd5 cxd5 {A very interesting material balance. Ordinarily
one would favor the bishop pair, but black is very solid and can create
counterplay on the queenside rather quickly.} 18. Qf3 $14 (18. Qxb6 axb6 19.
Bb4 Rfc8 20. a3 Rc2 {and black's control of the c-line and solid pawn
structure give him good chances. It is more tempting for white to try and
probe for weaknesses with the queens on, and try to create some attacking
chances.}) 18... Rac8 19. Bf1 (19. Be3 $5 Qa5 $5 20. Bd4 Qa4 21. Bf1 Rfe8 $132
22. Be5 $5 {looks interesting, trying to provoke the f-pawn into motion, and
bring more pressure to bear on the kingside.}) 19... Rc2 20. a3 Rfc8 21. Bd3
Ra2 22. Bb4 a5 23. Be7 Qb2 $6 (23... Rc3 $5 {looks to cause white more
problems.}) (23... Qc7 $5 {was also interesting, to make a3 more of a target.})
24. Kg2 Rc1 $6 25. Rxc1 Qxc1 26. Qf4 $1 Qb2 $2 {In an ending black's a-pawn
quickly becomes weak while white's pawns hinder black's center from becoming
mobile.} (26... Qc8 {looks more prudent.}) 27. Bc5 Qb7 28. Qd6 $2 (28. Qh4 $1 {
looks much more dangerous:} f5 (28... d4+ $2 29. Be4 Rxf2+ 30. Kh3 $1) 29. Qd8+
Kf7 30. g4 {and white's attack is crushing.}) 28... Qa8 29. Bd4 h6 (29... Rd2
$5 30. Qe5 Qf8 31. Qe3 Ra2 32. Qc1 Qb8 33. Bb1 (33. Qg5 $5 f6 34. Qh4 (34. Bxf6
Qa7 $1) 34... h6 (34... f5 35. Qe7 $18) 35. Qg4 e5 (35... Qe8 36. Bxf6 Qf7 37.
Bd4 Rxa3 38. Bg6 Qd7 39. Bc2 $16) 36. Qe6+ Kh8 37. Qxd5 Rxa3 38. Be3 $14) 33...
Rxa3 34. Bxh7+ (34. Qxa3 Qxb1 35. Qc3 Qe4+) 34... Kxh7 35. Qxa3 $16) 30. Qe5
Qf8 31. Bb2 {[%csl Ra2]} Rxb2 (31... Rxa3 $4 32. Bxa3 Qxa3 33. Qb8+ Qf8 34.
Bh7+) 32. Qxb2 g6 33. a4 Qd8 34. Qd4 (34. Qe5 $1) 34... h5 35. Kf3 Qd6 36. Bb5
Qc7 37. Kg2 Kf8 38. Bd3 Kg8 39. f4 $2 {There is no reason to expose the king
like this.} (39. Qf6) (39. h4) 39... Qc1 40. Be2 (40. Bb5 Qc2+ 41. Kg1 Qc1+ (
41... Kf8 42. Qh8+ Ke7 43. Qe8+ Kf6 44. Qd8+ {[%csl Ra5]}) 42. Kf2 Qc2+ (42...
Qh1 $5) 43. Be2 Kf8 {-> game.}) 40... Qc2 {Now it is extremely difficult to
find a progressive plan for white.} 41. Kf2 Kf8 42. h3 Kg8 43. g4 h4 $1 44. g5
Qb3 45. Bg4 Qc2+ 46. Ke3 Qb3+ 47. Kd2 Qa2+ 48. Ke1 Qb3 49. Kf2 Qg3+ 50. Ke2 Qb3
51. Bf3 Qc2+ 52. Kf1 Qb3 53. Kf2 Qa3 54. f5 gxf5 55. Qxh4 Qc5+ 56. Kg2 Qc2+ 57.
Kf1 Qc1+ 58. Kf2 1/2-1/2

[Event "EU-Cup 13th Group2"]
[Site "Eupen"]
[Date "1997.09.23"]
[Round "2"]
[White "Relange, Eloi"]
[Black "Kurajica, Bojan"]
[Result "1-0"]
[WhiteElo "2505"]
[BlackElo "2545"]
[Annotator "Tisdall,J"]
[PlyCount "62"]
[EventDate "1997.09.22"]
[EventType "team-k.o."]
[EventRounds "3"]
[EventCountry "BEL"]
[SourceTitle "EXT 2020"]
[Source "ChessBase"]
[SourceDate "2019.10.17"]
[SourceVersion "1"]
[SourceVersionDate "2019.10.17"]
[SourceQuality "1"]
[WhiteTeam "Clichy Echecs 92"]
[BlackTeam "Sarajevo Bosna"]
[WhiteTeamCountry "FRA"]
[BlackTeamCountry "BIH"]

1. Nf3 Nf6 2. c4 e6 3. Nc3 Bb4 4. g3 O-O 5. Bg2 d5 6. d4 dxc4 7. O-O Nc6 8. e3
Rb8 9. Qc2 Be7 (9... b5 10. b3 (10. a3 Bd6 11. e4 e5 12. dxe5 Nxe5 13. Nxe5
Bxe5 14. Be3 a5 15. Ba7 Rb7 16. Bc5 Bd6 17. Rad1 Qe7 18. Bd4 Be5 19. Bxe5 Qxe5
20. h3 b4 21. Nd5 c3 22. axb4 axb4 23. bxc3 b3 24. Qb2 Nxd5 {Bezold,M-Hracek,Z/
New York op 1995/EXP 47/0-1 (60)}) (10. Rd1 Qe8 11. e4 e5 12. dxe5 Nxe5 13.
Nxe5 Qxe5 14. Be3 Bb7 15. Bxa7 Rbd8 16. f4 Qe7 17. Rxd8 Rxd8 18. e5 Bxg2 19.
Qxg2 Bxc3 20. bxc3 Nd5 21. Bd4 c5 22. Bf2 Nxc3 23. Qc6 Ne2+ 24. Kf1 Nd4 25.
Bxd4 cxd4 26. Qxb5 Qc7 27. Rc1 d3 {[%emt 0:00:50] 0-1 Bezold,M-Romanishin,O/
Balatonbereny 1995/CBM}) 10... cxb3 11. axb3 Bxc3 12. Qxc3 Bb7 13. Bb2 a6 14.
Rfc1 Ne4 15. Qe1 Qd7 16. Rc2 {1/2-1/2 Konopka,M-Tolnai,T/HUN-chT 1994/TD 94\03}
) 10. Qa4 b5 $5 $36 11. Nxb5 Bd7 12. Nc3 (12. Nxa7 $2 Nb4 $1 (12... Nxd4 $6 13.
Qxc4 Rb4 14. Qxd4 $1 Rxd4 15. Nxd4 $44) 13. Qa5 Rb6) 12... Nxd4 13. Qxa7 $6 (
13. Qxc4 $142 Rb4 14. Qa6 (14. Qd3 $2 Bb5 $1) 14... Nc2 $36) 13... Nc2 14. Rb1
Nd5 15. Bd2 Qc8 16. Qa5 Ncb4 17. Nxd5 Nxd5 18. Qa7 Ra8 19. Qd4 Bb5 20. Rfc1 c5
21. Qe5 f5 $4 {Apparently setting up the devastating threat of ...Bf6...} (
21... Bf6 22. Qe4 Rxa2 $17) 22. Nd4 $3 $16 cxd4 23. Bxd5 Ra6 (23... exd5 24.
Qxd5+ Kh8 25. Qxb5 $16) 24. exd4 Qd7 25. Bxc4 Bxc4 26. Rxc4 Bf6 (26... Rxa2 27.
Rc7 Qd6 28. Bf4 Qxe5 29. Bxe5 Bf6 30. Bxf6 gxf6 31. b4 $18 (31. Re7)) 27. Rc7
Qa4 28. Qc5 Qxa2 $1 (28... Bxd4 29. Bc3 $3 Bxc5 30. Rxg7+ Kh8 31. Rg4+ Bd4 (
31... e5 32. Bxe5+ Rff6 33. Bxf6+ Rxf6 34. Rxa4) 32. Bxd4+ Qxd4 33. Rxd4 Rxa2
34. b4) 29. Rc1 Qxb2 30. Rc8 Rxc8 (30... Rd8 31. Ba5 Rxa5 32. Qxa5 Rxc8 33.
Rxc8+ Kf7 34. Qc7+ Kg6 35. Qc6 $18) (30... Bd8 31. Bb4 Re8 32. Qb5 $18) 31.
Qxc8+ Kf7 (31... Kf7 32. Rc7+ Be7 33. Rxe7+ Kxe7 34. Bg5+ Kf7 35. Qxa6) 1-0

[Event "St Petersburg-ch"]
[Site "St Petersburg"]
[Date "1998.04.07"]
[Round "1"]
[White "Shchukin, Dmitry"]
[Black "Aseev, Konstantin N"]
[Result "1-0"]
[WhiteElo "2390"]
[BlackElo "2565"]
[Annotator "Tisdall,J"]
[PlyCount "61"]
[EventDate "1998.04.07"]
[EventType "tourn"]
[EventRounds "13"]
[EventCountry "RUS"]
[EventCategory "10"]
[SourceTitle "CBM 065"]
[Source "ChessBase"]
[SourceDate "1998.08.06"]
[SourceVersion "1"]
[SourceVersionDate "1998.08.06"]
[SourceQuality "1"]

1. d4 Nf6 2. c4 e6 3. Nc3 Bb4 4. g3 c5 5. Nf3 cxd4 6. Nxd4 O-O 7. Bg2 d5 8. Qb3
Bxc3+ 9. bxc3 e5 10. Nb5 dxc4 (10... a6 11. Qa3 dxc4 12. Be3 Nc6 13. Bc5 Bh3
14. Rd1 Qxd1+ 15. Kxd1 axb5 16. Qb2 Rfd8+ 17. Kc1 Bxg2 18. Rg1 Bd5 19. a3 Na5
20. Bb6 Nb3+ 21. Kd1 Rd7 22. Ke1 Be4 23. Be3 Ng4 24. Bg5 f6 25. f3 fxg5 26.
fxe4 Rad8 27. Qb1 Rd2 28. h3 Ne3 29. Kf2 Nd1+ 30. Rxd1 Rxd1 {0-1 Mitrofanov,
A-Selin,O/Tula 1995}) 11. Qa3 Bh3 $5 $146 {A startling idea - it is easy to
understand why it has not been played before. Can it be correct?} (11... Nc6
12. Be3 Be6 13. Rd1 Qb8 14. O-O Rd8 15. Qc5 Rxd1 16. Rxd1 a6 17. Na3 Qf8 18.
Rb1 Qxc5 19. Bxc5 Rc8 20. Bd6 Ne8 21. Bxc6 Nxd6 22. Bxb7 Nxb7 23. Rxb7 Rd8 24.
f3 h5 25. Kf2 Rd2 26. Rc7 Rxa2 27. Nxc4 e4 28. fxe4 a5 29. Ne3 Bb3 30. c4 a4
31. Rb7 Ra1 32. h4 Rc1 33. Ra7 g6 34. Kf3 Kf8 35. Kf4 Ke8 36. Ke5 Kd8 37. Kd4
Kc8 38. c5 Kb8 39. Ra5 Rg1 40. Nd5 Rd1+ 41. Ke5 f5 42. c6 Rc1 43. Rb5+ {
1-0 Olafsson,H-Hjartarson,J/Nordic-ch plof-1pl 1985}) (11... Qd7 12. Rb1 Nc6
13. O-O Qf5 14. Nc7 Qxb1 15. Qxf8+ Kxf8 16. Ba3+ Qb4 17. cxb4 Rb8 18. b5+ Ne7
19. Bd6 Bd7 20. Ne6+ fxe6 21. Bxb8 Bxb5 22. Bxb7 Ned5 23. Rc1 a6 24. Bxe5 Nb6
25. Rc3 {1-0 Adianto,U-Mainka,R/Liechtenstein op 1993}) 12. Bxh3 (12. Bxb7 {
is the critical test of black's novelty.} Nbd7 13. Bxa8 Qxa8 {leaves white
with long term problems finding a way to safeguard his king and complete his
development. Also, the Nb5 is on a very poor circuit and will find it
difficult to return to play (after ...a6 and ...Qc6). With these factors in
mind, and white's lack of coordination, declining the offer seems prudent.})
12... Qd5 13. O-O Qxb5 14. Rb1 $1 {White's turn to employ cute tactics.} Qc6 (
14... Qxb1 15. Qxf8+ Kxf8 16. Ba3+ {looks to favor white who will have the
bishop pair and quick access to the b-line, and should recover his pawn with
interest. Of course, Fritz and similar "thinkers" quickly suggest the
extremely counter-intuitive but sensible reply} Qb4 $1 {which prevents white
from using the b-line.} 17. Bxb4+ Ke8 18. Bc8 a5 19. Bd6 {should nevertheless
keep white on top as the bishops are quite powerful.}) 15. Rd1 Nbd7 16. Be3 Nb6
17. Bg2 Nbd5 18. Qa5 (18. Rb2 $5 {is similar, but might gain a bit of time.})
18... e4 19. Bd4 b6 20. Qa3 Rfe8 21. Rb2 h6 22. Rbd2 Qc7 23. e3 Re7 (23... a6
$5 {looks like a better way of making use of the extra pawn.}) 24. Qa6 Qc6 25.
Bf1 Rc8 26. Bh3 Rce8 27. Bf1 Rc7 28. Bxf6 Nxf6 29. a4 Qc5 30. Rd4 Qh5 31. h3 {
Result? The pawn will be recovered, but unless black lost on time, the result
is hard to understand.} 1-0

[Event "Hastings 9798"]
[Site "Hastings"]
[Date "1998.01.03"]
[Round "5"]
[White "Ward, Christopher"]
[Black "Plaskett, H James"]
[Result "0-1"]
[WhiteElo "2485"]
[BlackElo "2450"]
[Annotator "Tisdall,J"]
[PlyCount "90"]
[EventDate "1997.12.29"]
[EventType "tourn"]
[EventRounds "9"]
[EventCountry "ENG"]
[EventCategory "13"]
[SourceTitle "CBM 063"]
[Source "ChessBase"]
[SourceDate "1998.03.26"]
[SourceVersion "1"]
[SourceVersionDate "1998.03.26"]
[SourceQuality "1"]

1. d4 Nf6 2. c4 e6 3. Nc3 Bb4 4. g3 O-O 5. Bg2 Bxc3+ 6. bxc3 d6 7. Nf3 (7. a4
$5 a5 (7... Nbd7 8. Nf3 Rb8 9. a5 b6 10. O-O Bb7 11. a6 Ba8 12. Ne1 Bxg2 13.
Nxg2 Qe7 14. f3 d5 15. Qd3 c5 16. cxd5 exd5 17. g4 Rfd8 18. h4 b5 19. Bf4 c4
20. Qd2 Ne8 21. Bxb8 Nxb8 22. Qe3 Qd6 23. Qf4 Qb6 24. e4 Nxa6 25. Ne3 Nac7 26.
exd5 a5 27. Rfe1 a4 28. Qe5 Qf6 29. Rab1 h6 30. Kg2 a3 31. Ra1 Qa6 32. Qe7 {
Van Wely,L-Psakhis,L/OHRA-B 1990/CBM 20/1/2-1/2 (43)}) 8. Rb1 Nc6 9. Ba3 Re8
10. e4 e5 11. d5 Nb8 12. c5 Na6 13. cxd6 cxd6 14. Ne2 Qc7 15. O-O Nc5 16. Qc2
Bd7 17. Bxc5 Qxc5 18. Rxb7 Qc4 19. Ra1 Rab8 20. Rxb8 Rxb8 21. Nc1 Rb4 22. Bf1
Qxe4 23. Bd3 Qe1+ 24. Kg2 Rxa4 25. Rb1 Ra3 26. Nb3 Qxb1 27. Qxb1 a4 28. Nd2
Rxc3 29. Qb8+ Ne8 30. Bb5 Rc8 31. Qb7 Rc7 32. Qb6 Bxb5 33. Qxb5 Kf8 34. Qxa4
Rc5 35. Qa8 f5 36. Nf3 {1-0 Van Wely,L-Carlier,B/Dieren op 1989/EXT 89op}) 7...
b6 $5 {Plaskett's patented brand of early provocation.} 8. Nd2 (8. Ne5 $5 d5 (
8... dxe5 9. Bxa8 exd4 10. cxd4 c6 11. O-O Ba6 12. Ba3 Re8 13. Rc1 Qc8 14. Qa4)
9. O-O $14) 8... c6 9. O-O e5 10. a4 a5 11. c5 $5 {Interesting, but} (11. f4 $5
{[%csl Gd4,Ge4,Ge5,Gf1,Gf4][%cal Gf1f6] looks like the most spirited move to
me, to either open the f-line or increase his influence in the center. Perhaps
this is largely a matter of taste.}) 11... bxc5 12. dxe5 dxe5 13. Nc4 $44 {
[%csl Ra5,Rc5,Rc6,Re5]} Qe7 {The greedier} (13... Qc7 $5 {was a serious
alternative.}) 14. Ba3 Ba6 $1 {Black must jettison his extra material to
achieve full development, and this seems the most active way to do so.} 15.
Nxa5 e4 {[%csl Gc4,Ge2][%cal Ga6e2,Ga8a4] Blocking in the Bg2 finally gives
black some time to catch up in development and begin to create counterplay.}
16. Nb3 Nbd7 17. Qc2 Qe5 18. c4 Rfe8 19. a5 Qh5 {[%csl Gc4,Gd7,Ge5]} 20. Rfd1
Ne5 21. Bxc5 Bxc4 22. Nd4 $2 {Natural, but now white has a very hard time
maintaining piece coordination and protecting e2.} (22. Nc1 $1 e3 $5 (22...
Neg4 23. Qxc4 Qxh2+ 24. Kf1 e3 25. Nd3 $18) 23. f3 $1 (23. fxe3 Neg4 24. Qxc4
Qxh2+ 25. Kf1 Ne4 $19)) 22... Nfd7 $1 23. Bd6 c5 24. Bxe5 Nxe5 25. Bxe4 $1 (25.
Nc6 Bxe2) (25. Nb3 Bxe2 26. Rd5 Bd3 (26... Nf3+ 27. Bxf3 Qxf3 28. Nd2 $15) 27.
Qxc5 Rac8 28. Z0 $140 Bc4) 25... cxd4 26. Bxa8 Rxa8 27. Qe4 {White has made
the best of a bad deal, and now time pressure appears to have created a
temporary lottery.} Rf8 $6 (27... Re8 $142 28. f3 $141 $2 (28. f4 Bxe2) 28...
Bxe2 $1 $19) 28. f3 $1 d3 29. g4 $8 Qg5 30. exd3 Ba6 31. h4 $2 (31. d4 {
would leave the result of the game completely open. Now white's exposed king
and misplaced pieces allow black to regain control.}) 31... Qf6 32. Kg2 Bxd3 $1
33. g5 $4 (33. Qe3 Bb5 $1 $17) 33... Bxe4 34. gxf6 Bxf3+ 35. Kg3 Bxd1 $19 36.
Rxd1 gxf6 37. a6 Ra8 38. Ra1 Ra7 39. Kf4 Nd3+ 40. Kf5 Kg7 41. h5 h6 42. Rg1+
Kf8 43. Ra1 Nc5 44. Ra5 Nxa6 45. Kxf6 Ra8 0-1